[Event "Peiraeus Summer"]
[Site "Piraeus"]
[Date "2013.08.14"]
[Round "1.1"]
[White "Petrakis, Andreas"]
[Black "Kouvaras, Andreas"]
[Result "1/2-1/2"]
[WhiteElo "1795"]
[BlackElo "1385"]
[PlyCount "55"]
[EventDate "2013.08.14"]
[EventType "tourn"]
[EventRounds "9"]
[EventCountry "GRE"]
[SourceTitle "EXT 2024"]
[Source "ChessBase"]
[SourceDate "2023.10.10"]
[SourceVersion "1"]
[SourceVersionDate "2023.10.10"]
[SourceQuality "1"]

1. d4 d5 2. Nf3 Nf6 3. e3 Nc6 4. c4 e6 5. Bd3 Nb4 6. Be2 dxc4 7. 0-0 c5 8. Na3 cxd4 9. exd4 Be7 10. Nxc4 0-0 11. a3 Nc6 12. Nfe5 Nxe5 13. dxe5 Nd5 14. Ne3 Nxe3 15. Bxe3 Qxd1 16. Rfxd1 b6 17. f4 g6 18. b4 Bb7 19. g3 Rfd8 20. Rxd8+ Rxd8 21. Rd1 Rxd1+ 22. Bxd1 Be4 23. h4 h5 24. Kf2 Kf8 25. Bf3 Bxf3 26. Kxf3 Bd8 27. Bd2 Bc7 28. Bc3 1/2-1/2